000 01006nam a22002897i 4500
003 EG-GICUC
005 20260204214729.0
008 260204s1960 uk ||||fr|||| 000 0 eng d
040 _aEG-GiCUC
_beng
_cEG-GiCUC
_dEG-GiCUC
_eRda
082 0 4 _221
_a341.81
_bPA . N
092 0 4 _221
099 _aLaw1 12 341.81 PA . N 1960
100 1 _aParry, Clive
_eAuthor.
245 1 0 _aNationality and Citizenship Laws of the Commonwealth and of the Republic of Ireland.
_nVolume Two /
_cClive Parry.
_b
264 1 _aLondon :
_bStevens & Sons Limited,
_c1960.
300 _a1285page :
_billustration ;
_c 24 cm.
336 _2rda contenu
_a texte
337 _2rda medias
_aOrdinateur
338 _2 transporteur rda
_a Ressource en ligne
504 _aIncludes bibliographical references and index.
546 _aText in English
650 1 4 _aPrivate international law
_2
651 1 _2
856 4 0 _uhttps://fll.law.cu.edu.eg/fulltext/bks/B12-01880.pdf
905 _a50
942 _2ddc
_cBK
_e21
_n0
999 _c61162
_d61162